Sports Quiz

Random Sports or Hockey Quiz

Closest NHL Teams to Mexico Quiz Stats

 Plays Quiz Updated Jul 8, 2021

     
Support Sporcle.
Go Orange.
Score 0/16 Timer 03:00
2 Plays Today
Distance Team % Correct
123 Mi???
89.7%
341 Mi???
89.4%
118 Mi???
86.9%
428 Mi???
81.1%
557 Mi???
75.5%
519 Mi???
73.9%
522 Mi???
71%
883 Mi???
69.5%
Distance Team % Correct
932 Mi???
67%
234 Mi???
66.3%
98 Mi???
57.6%
1,115 Mi???
55.1%
1,134 Mi???
48.1%
1,079 Mi???
39.9%
MINE???
29.1%
1,143 Mi???
28.9%

From the Vault

-ace or -ice?

by nabean

Will you ace this quiz? Or ice this quiz?
Remove Ads.
Support Sporcle.
Get the best of Sporcle when you Go Orange. This ad-free experience offers more features, more stats, and more fun while also helping to support Sporcle. Thank you for becoming a member.

Show Comments

Extras

Top Quizzes Today


Score Distribution

Your Account Isn't Verified!

In order to create a playlist on Sporcle, you need to verify the email address you used during registration. Go to your Sporcle Settings to finish the process.

Report this User

Report this user for behavior that violates our Community Guidelines.

Details: